000 00331nam a22001457a 4500
008 230614b ||||| |||| 00| 0 eng d
020 _a9781558605008
041 _aeng
080 _2THIRD EDITION
_a72
082 _a72TEO
100 _a19
101 _aARK
245 _aDATABASE MODELING DESIGN
_cTEOREY .J.T
942 _2udc
_cBK
999 _c59974
_d59974